[Event "34th Chess Olympiad (women)"]
[Site "Istanbul"]
[Date "2000.11.06"]
[Round "9.2.1"]
[White "Danielian, Elina"]
[Black "Ioseliani, Nana"]
[WhiteElo "2389"]
[BlackElo "2476"]
[WhiteCountry "ARM"]
[BlackCountry "GEO"]
[Result "1/2-1/2"]

1. Nf3 c5 2. g3 Nc6 3. Bg2 g6 4. O-O Bg7 5. c4 e5 6. Nc3 d6 7. d3 Nge7 
8. a3 O-O 9. Rb1 a5 10. Ne1 Be6 11. Nc2 d5 12. cxd5 Nxd5 13. Ne3 Nde7 
14. Nc4 b6 15. Bg5 f6 16. Bd2 Rb8 17. Nb5 Qd7 18. b3 Bd5 19. Qc1 Bxg2 
20. Kxg2 Nf5 21. e4 Nfd4 22. Nxd4 Qxd4 23. Ne3 Qxd3 24. Qc4+ Qxc4 25. bxc4 Bh6 
26. Rb2 Bxe3 27. Bxe3 a4 28. Rfb1 Na5 29. Bxc5 Rfc8 30. Rxb6 Rxb6 31. Bxb6 Nxc4 
32. Rb4 Nxa3 33. Rxa4 Nc4 34. Rb4 Kf7 35. h4 
1/2-1/2

[Event "34th Chess Olympiad (women)"]
[Site "Istanbul"]
[Date "2000.11.06"]
[Round "9.2.2"]
[White "Khurtsidze, Nino"]
[Black "Mkrtchian, Lilit"]
[WhiteElo "2481"]
[BlackElo "2312"]
[WhiteCountry "GEO"]
[BlackCountry "ARM"]
[Result "1-0"]

1. d4 d5 2. c4 e6 3. Nc3 Be7 4. Nf3 Nf6 5. Bg5 h6 6. Bh4 O-O 7. e3 b6 
8. Bd3 Bb7 9. Rc1 dxc4 10. Bxc4 Nbd7 11. O-O a6 12. Bg3 b5 13. Bb3 c5 
14. d5 exd5 15. Nxd5 Nxd5 16. Bxd5 Bxd5 17. Qxd5 Nf6 18. Qc6 Qc8 19. Ne5 Rd8 
20. a4 bxa4 21. Qxa4 Qe6 22. Nc6 Rd2 23. Nxe7+ Qxe7 24. b3 Ne4 25. Qc6 Qe8 
26. Qb7 a5 27. Be5 Nd6 28. Bxd6 Rxd6 29. Rxc5 Qb8 30. Qe4 Rb6 31. Rfc1 Rxb3 
32. h4 Qd8 33. Rd5 Qf8 34. Rd7 Rd8 35. Ra7 Rb5 36. Rcc7 Rc5 37. Re7 Rdc8 
38. Qf3 Rc1+ 39. Kh2 f6 40. Qg4 g5 41. Qe6+ 
1-0

[Event "34th Chess Olympiad (women)"]
[Site "Istanbul"]
[Date "2000.11.06"]
[Round "9.2.3"]
[White "Hlgatian, Goar"]
[Black "Gurieli, Nino"]
[WhiteElo "2209"]
[BlackElo "2373"]
[WhiteCountry "ARM"]
[BlackCountry "GEO"]
[Result "0-1"]

1. e4 g6 2. d4 Bg7 3. Nc3 d6 4. f4 Nf6 5. Nf3 O-O 6. Bd3 Bg4 7. O-O Nc6 
8. e5 Bxf3 9. Qxf3 Nxd4 10. Qxb7 dxe5 11. fxe5 Ng4 12. Bf4 Nxe5 13. Be4 c6 
14. Rad1 Qd6 15. Kh1 Rfb8 16. Qa6 Rb6 17. Qa4 Rb4 18. Qa5 Rd8 19. Ne2 Qb8 
20. c4 Ne6 21. Rxd8+ Nxd8 22. b3 Ne6 23. Bxe5 Bxe5 24. Bxc6 Rb6 25. Bd5 Bxh2 
26. Qc3 Be5 27. Qe3 Bf6 28. c5 Ra6 29. a4 Qb4 30. Bc4 Rc6 31. Nf4 Nxf4 
32. Qxf4 Qxc5 33. Qf3 Rd6 34. Rc1 Qg5 35. Rd1 Qh4+ 36. Kg1 Rxd1+ 37. Qxd1 Bd4+ 
38. Kf1 Qf2# 
0-1

[Event "34th Chess Olympiad (women)"]
[Site "Istanbul"]
[Date "2000.11.06"]
[Round "9.3.3"]
[White "Djingarova, Emilia"]
[Black "Vasilevich, Tatjana"]
[WhiteElo "2263"]
[BlackElo "2429"]
[WhiteCountry "BUL"]
[BlackCountry "UKR"]
[Result "1/2-1/2"]

1. e4 c5 2. Nf3 e6 3. d4 cxd4 4. Nxd4 Nf6 5. Nc3 d6 6. g3 Be7 7. Bg2 O-O 
8. O-O a6 9. a4 Qc7 10. a5 Nc6 11. Nb3 Nd7 12. f4 b5 13. axb6 Nxb6 14. Qe2 Bb7 
15. f5 Bf6 16. fxe6 fxe6 17. Bf4 Rad8 18. Kh1 Ne5 19. Nd4 Rfe8 20. Nf3 Nec4 
21. Bg5 Nxb2 22. Bxf6 gxf6 23. Nh4 Rd7 24. Qh5 Rf8 25. Rf3 Rg7 26. Raf1 Rg5 
27. Qh6 Qg7 28. Qxg7+ Kxg7 29. Rb1 N2c4 30. Na4 Rb5 31. Rxb5 axb5 32. Nxb6 Nxb6 
33. Rb3 Ra8 34. h3 Bc6 35. e5 d5 36. Nf3 Ra4 37. h4 Nd7 38. exf6+ Kxf6 
39. Ng5 h6 40. Rf3+ Kg6 41. Nxe6 Nf6 42. Rf4 Rxf4 43. Nxf4+ Kf5 44. Nd3 Be8 
45. Bf3 d4 46. Kg2 Ng4 47. Nb4 Ne3+ 48. Kf2 Ke5 49. c3 Nf5 50. Nd3+ Kf6 
51. cxd4 Nxd4 52. Be4 Bc6 53. Bxc6 Nxc6 54. g4 Ne5 
1/2-1/2

[Event "34th Chess Olympiad (women)"]
[Site "Istanbul"]
[Date "2000.11.06"]
[Round "9.4.1"]
[White "Peng, Zhaoqin"]
[Black "Cmilyte, Viktorija"]
[WhiteElo "2403"]
[BlackElo "2335"]
[WhiteCountry "NED"]
[BlackCountry "LTU"]
[Result "1-0"]

1. d4 f5 2. c4 Nf6 3. Nf3 d6 4. g3 g6 5. b4 Bg7 6. Bb2 O-O 7. Bg2 c6 8. O-O Kh8 
9. Nbd2 Be6 10. Rc1 Bg8 11. Qc2 a5 12. b5 a4 13. Ba3 Nbd7 14. bxc6 bxc6 
15. Rfe1 Re8 16. Ng5 Qc7 17. e4 h6 18. Ngf3 fxe4 19. Nxe4 Bh7 20. Nxf6 Bxf6 
21. h4 Bg7 22. Bh3 Nf6 23. Qe2 Nh5 24. Bb2 Rab8 25. Bc3 Rf8 26. Qe3 Qa7 
27. Bg2 Rb7 28. Nh2 Rc7 29. Ng4 Bg8 30. Nxh6 Bxc4 31. Be4 e5 32. Qg5 exd4 
33. Qxg6 Nf6 34. Bd2 Nxe4 35. Qxe4 Bd5 36. Qg6 d3 37. Be3 Bd4 38. Qxd3 Bxe3 
39. Rxe3 Rg7 40. Nf5 Rgf7 41. g4 Qd7 42. Rce1 Rxf5 43. gxf5 Qxf5 44. Qxf5 Rxf5 
45. a3 Rf4 46. Rg3 Rxh4 47. f3 Rh6 48. Re8+ Kh7 49. Re7+ Kh8 50. Kf2 c5 
51. Ke3 Rf6 52. f4 Bb3 53. Rg5 Bc2 54. Kd2 Bb3 55. f5 d5 56. Re1 Kh7 
57. Rh1+ Rh6 58. Rxh6+ Kxh6 59. f6 d4 60. Rxc5 Kg6 61. Rc6 Kf7 62. Kd3 Be6 
63. Kxd4 Kxf6 64. Ra6 Ke7 65. Rxa4 Kd7 66. Ra7+ Kc8 67. Kc5 Bh3 68. Kb6 
1-0

[Event "34th Chess Olympiad (women)"]
[Site "Istanbul"]
[Date "2000.11.06"]
[Round "9.4.2"]
[White "Varniene, Rita"]
[Black "Sziva, Erika"]
[WhiteElo "2190"]
[BlackElo "2311"]
[WhiteCountry "LTU"]
[BlackCountry "NED"]
[Result "0-1"]

1. d4 Nf6 2. c4 g6 3. Nc3 Bg7 4. e4 d6 5. Be2 O-O 6. Nf3 e5 7. O-O Nc6 
8. d5 Ne7 9. Ne1 Nd7 10. Nd3 f5 11. Bd2 Kh8 12. Rc1 Nf6 13. f3 f4 14. g4 h5 
15. g5 Nh7 16. h4 c6 17. b4 b5 18. Nf2 bxc4 19. Bxc4 Bb7 20. dxc6 Nxc6 
21. Bd5 Rb8 22. b5 Nd4 23. Bxb7 Rxb7 24. Kh1 Nxb5 25. Qb3 Nxg5 26. Nxb5 Nf7 
27. Qd3 Qxh4+ 28. Kg2 Qg3+ 29. Kh1 Rxb5 30. Qxb5 Qxf3+ 
0-1

[Event "34th Chess Olympiad (women)"]
[Site "Istanbul"]
[Date "2000.11.06"]
[Round "9.4.3"]
[White "Jap, Tjoen San Linda"]
[Black "Domarkaite, Laima"]
[WhiteElo "2210"]
[BlackElo "2187"]
[WhiteCountry "NED"]
[BlackCountry "LTU"]
[Result "1-0"]

1. e4 c5 2. Nf3 d6 3. d4 cxd4 4. Qxd4 Nc6 5. Bb5 Bd7 6. Bxc6 Bxc6 7. Nc3 e6 
8. Bg5 Nf6 9. O-O-O Be7 10. Rhe1 a6 11. Qd2 Qa5 12. Nd4 Rd8 13. f3 O-O 
14. Kb1 Qc7 15. g4 b5 16. Nce2 Bb7 17. Ng3 Rfe8 18. Rg1 Nd7 19. Nh5 Ne5 
20. Bh6 Bf8 21. f4 Nc4 22. Qe2 Qe7 23. Bxg7 Bxg7 24. Nf5 exf5 25. gxf5 f6 
26. Rxg7+ Qxg7 27. Nxg7 Kxg7 28. Qg4+ Kh8 29. Qh4 Rf8 30. e5 fxe5 31. Qe7 Be4 
32. Rg1 Bxc2+ 33. Kc1 
1-0

[Event "34th Chess Olympiad (women)"]
[Site "Istanbul"]
[Date "2000.11.06"]
[Round "9.5.1"]
[White "Jackova, Jana"]
[Black "Radziewicz, Iweta"]
[WhiteElo "2358"]
[BlackElo "2379"]
[WhiteCountry "CZE"]
[BlackCountry "POL"]
[Result "1-0"]

1. e4 c5 2. Nf3 Nc6 3. d4 cxd4 4. Nxd4 Nf6 5. Nc3 e5 6. Ndb5 d6 7. Bg5 a6 
8. Na3 b5 9. Bxf6 gxf6 10. Nd5 Bg7 11. c3 Ne7 12. Nxe7 Qxe7 13. Nc2 Bb7 
14. Qg4 Bh6 15. Bd3 Qe6 16. Qh5 f5 17. exf5 Qf6 18. O-O Rg8 19. f3 Ke7 
20. a4 bxa4 21. Rxa4 d5 22. Qh4 Rgb8 23. Re1 e4 24. Qf2 Kf8 25. fxe4 dxe4 
26. Bxe4 Bxe4 27. Raxe4 Rxb2 28. Qc5+ Kg7 29. Nb4 Qg5 30. Qd4+ 
1-0

[Event "34th Chess Olympiad (women)"]
[Site "Istanbul"]
[Date "2000.11.06"]
[Round "9.5.2"]
[White "Dworakowska, Joanna"]
[Black "Ptacnikova, Lenka"]
[WhiteElo "2371"]
[BlackElo "2232"]
[WhiteCountry "POL"]
[BlackCountry "CZE"]
[Result "0-1"]

1. e4 c5 2. Nf3 Nc6 3. d4 cxd4 4. Nxd4 Nf6 5. Nc3 e6 6. Ndb5 Bb4 7. a3 Bxc3+ 
8. Nxc3 d5 9. exd5 exd5 10. Bd3 O-O 11. O-O d4 12. Ne2 Bg4 13. Bg5 Qd6 
14. Re1 Rfe8 15. Qd2 Bxe2 16. Rxe2 Rxe2 17. Qxe2 Re8 18. Qd2 Ne5 19. Qf4 Qb6 
20. Bxf6 Nxd3 21. Qxd4 Qxf6 22. Qxf6 gxf6 23. cxd3 Re2 24. Rb1 Rd2 25. Kf1 Kf8 
26. Ke1 Rc2 27. b4 Rc3 28. Kd2 Rxa3 29. Rc1 Ra2+ 30. Ke3 Rb2 31. Rc8+ Kg7 
32. Rc4 f5 33. h3 Kf6 34. g3 Kg6 35. f3 Kf6 36. Kf4 Rb3 37. d4 Ke6 38. h4 a6 
39. h5 h6 40. Rc5 Rxb4 41. Re5+ Kf6 42. Rxf5+ Ke6 43. Re5+ Kf6 44. Ke4 b5 
45. g4 a5 46. f4 a4 47. g5+ Kg7 48. Kd3 a3 49. Re1 Rb3+ 50. Kc2 Rb2+ 51. Kc1 b4 
52. g6 fxg6 53. hxg6 Kxg6 54. d5 b3 55. d6 Rc2+ 56. Kb1 Rd2 
0-1

[Event "34th Chess Olympiad (women)"]
[Site "Istanbul"]
[Date "2000.11.06"]
[Round "9.5.3"]
[White "Sikorova, Olga"]
[Black "Zielinska, Marta"]
[WhiteElo "2203"]
[BlackElo "2376"]
[WhiteCountry "CZE"]
[BlackCountry "POL"]
[Result "0-1"]

1. e4 e6 2. d4 d5 3. e5 c5 4. c3 Qb6 5. Nf3 Nc6 6. a3 Bd7 7. b4 cxd4 
8. cxd4 Rc8 9. Be3 Nh6 10. Bd3 Ng4 11. O-O Be7 12. Bc2 Nxe3 13. fxe3 O-O 
14. Qd3 g6 15. Nc3 Qc7 16. Ba4 Nb8 17. Rac1 Bxa4 18. Nxa4 Qxc1 19. Rxc1 Rxc1+ 
20. Kf2 Rfc8 21. Kg3 b6 22. h4 Ra1 23. h5 Ra2 24. hxg6 hxg6 25. Kh3 Ra1 
26. g4 Kg7 27. Nb2 Nd7 28. g5 Nf8 29. Kg4 Nh7 30. Qa6 Rc7 31. Kf4 Bxb4 
32. a4 Be7 33. Nd3 Ra2 34. Nde1 Ra1 35. Nd3 Rc2 36. Qxa7 Bxg5+ 37. Kg3 Bxe3 
38. Qxb6 Rxa4 39. Nc5 Raa2 40. Nxe6+ fxe6 41. Qxe6 Rg2+ 42. Kh4 Bf2+ 
43. Kh3 Rg3+ 44. Kh2 Rxf3 45. Qxd5 Bxd4+ 
0-1

[Event "34th Chess Olympiad (women)"]
[Site "Istanbul"]
[Date "2000.11.06"]
[Round "9.6.1"]
[White "Madl, Ildiko"]
[Black "Alieva, Elmira"]
[WhiteElo "2418"]
[BlackElo "2240"]
[WhiteCountry "HUN"]
[BlackCountry "AZE"]
[Result "1-0"]

1. e4 e6 2. d4 d5 3. Nc3 Bb4 4. e5 c5 5. a3 Ba5 6. b4 cxd4 7. Qg4 Ne7 
8. bxa5 dxc3 9. Qxg7 Rg8 10. Qxh7 Nbc6 11. Nf3 Qxa5 12. Bf4 Qa4 13. Bg3 Qe4+ 
14. Qxe4 dxe4 15. Ng1 Bd7 16. O-O-O Nf5 17. Ne2 Ke7 18. Bf4 Rac8 19. h4 Rg4 
20. g3 e3 21. fxe3 Na5 22. Bh3 Rxf4 23. exf4 Ne3 24. Rd3 Nd5 25. Rhd1 Rc5 
26. Nd4 Nc4 27. Nb3 Rc7 28. h5 Nb2 29. Rxd5 exd5 30. Rh1 Rc8 31. Bxd7 Kxd7 
32. g4 Nc4 33. Rh3 Nxa3 34. g5 Nb5 35. f5 b6 36. h6 
1-0

[Event "34th Chess Olympiad (women)"]
[Site "Istanbul"]
[Date "2000.11.06"]
[Round "9.6.3"]
[White "Gara, Anita"]
[Black "Mammadyarova, Zaynab"]
[WhiteElo "2291"]
[BlackElo "2173"]
[WhiteCountry "HUN"]
[BlackCountry "AZE"]
[Result "1-0"]

1. e4 e5 2. Nf3 Nc6 3. Bb5 a6 4. Ba4 Nf6 5. O-O Nxe4 6. d4 b5 7. Bb3 d5 
8. dxe5 Be6 9. c3 Nc5 10. Bc2 Bg4 11. Re1 Be7 12. Nbd2 d4 13. Nb3 d3 
14. Bb1 Nxb3 15. axb3 Bf5 16. Be3 Qd5 17. Bd4 O-O 18. Re3 f6 19. Bxd3 fxe5 
20. Bxe5 Rfd8 21. c4 Qf7 22. Bxc7 Rd7 23. cxb5 Bxd3 24. bxc6 Rxc7 25. Rxd3 Bf6 
26. Rd6 h6 27. b4 Qc4 28. Rc1 Qxb4 29. Qd5+ Kh8 30. Rd7 Qxb2 31. Re1 Qb6 
32. Ne5 Bxe5 33. Qxe5 Rxd7 34. cxd7 Rf8 35. Qe8 Qxf2+ 36. Kh1 Kh7 37. h3 Qf6 
38. Rd1 
1-0

[Event "34th Chess Olympiad (women)"]
[Site "Istanbul"]
[Date "2000.11.06"]
[Round "9.7.2"]
[White "Mira, Helene"]
[Black "Vo, Hong Phuong"]
[WhiteElo "2118"]
[BlackElo "2261"]
[WhiteCountry "AUT"]
[BlackCountry "VIE"]
[Result "1-0"]

1. d4 Nf6 2. Nf3 b6 3. g3 Bb7 4. Bg2 e6 5. O-O Be7 6. c4 c5 7. d5 exd5 8. Nh4
O-O 9. cxd5 d6 10. Nf5 Re8 11. Nxe7+ Qxe7 12. Nc3 Na6 13. e4 Nc7 14. a4 Na6 15.
Bf4 Nd7 16. Nb5 Ne5 17. Bxe5 dxe5 18. Qd2 Rad8 19. f4 f6 20. fxe5 fxe5 21. Qc3
Nb4 22. Bh3 Bxd5 23. exd5 Nxd5 24. Qb3 Kh8 25. Rad1 Nf6 26. Rxd8 Rxd8 27. Rd1
a6 28. Nc3 Rxd1+ 29. Qxd1 c4 30. Qf3 Qd8 31. Be6 h6 32. Nd5 Nh7 33. h4 b5 34.
axb5 axb5 35. Qf7 Qa8 36. Kh2 Qd8 37. Kh3 Qa8 38. Kg4 b4 39. Qf3 Qc6 40. Qf7
Qa8 41. Qf3 Qc6 42. Qf7 Qa8 43. Kh5 c3 44. bxc3 bxc3 45. Ne7 Nf6+ 46. Kg6 Qe8
47. Qxe8+ Nxe8 48. Bb3 Nd6 49. Nf5 Nb5 50. Bc2 Kg8 51. Bd3 Kf8 52. g4 Kg8 53.
h5 Kf8 54. Nxg7 Nd4 55. Nf5 c2 56. Bxc2 Nxc2 57. Kxh6 Nd4 58. Kg6 Kg8 59. Kf6
Nf3 60. g5 e4 61. g6 Nh2 62. Ne3 Nf3 63. h6 Nh4 64. h7+ Kh8 65. Ng4 Nxg6 66.
Kxg6 e3 67. Nh6 1-0

[Event "34th Chess Olympiad (women)"]
[Site "Istanbul"]
[Date "2000.11.06"]
[Round "9.7.3"]
[White "Nguyen, Thi"]
[Black "Krasser, Margit"]
[WhiteElo "2281"]
[BlackElo "2061"]
[WhiteCountry "VIE"]
[BlackCountry "AUT"]
[Result "1/2-1/2"]

1. d4 Nf6 2. Nf3 e6 3. g3 d5 4. Bg2 Bd6 5. O-O Nbd7 6. Nbd2 O-O 7. c4 c6 8. Qc2
Re8 9. b3 e5 10. cxd5 cxd5 11. dxe5 Nxe5 12. Bb2 Bg4 13. Nxe5 Bxe5 14. Bxe5
Rxe5 15. Nf3 Re7 16. Nd4 Qd7 17. Rfd1 Rae8 18. Re1 Bh3 19. Bh1 Ne4 20. Rac1 Qg4
21. e3 Ng5 22. Qd1 Qd7 23. Rc5 Ne4 24. Rc2 g6 25. f3 Ng5 26. Qd3 h5 27. Rd2 Qc7
28. Bg2 Bxg2 29. Kxg2 Qd7 30. Kh1 Qh3 31. Rg2 Rc7 32. Qb5 Rd8 33. Qe2 Rdc8 34.
Rgg1 Rc3 35. Qg2 Re8 36. Qd2 Rec8 37. Qg2 a6 38. Qxh3 Nxh3 39. Rgf1 Re8 40. Kg2
Ng5 41. h4 Ne6 42. Nxe6 Rxe6 43. Rd1 Rexe3 44. Rf2 Red3 45. Rxd3 Rxd3 46. Rc2
d4 47. Kf2 b5 48. Ke2 Rc3 49. Rxc3 dxc3 50. b4 Kg7 51. Kd3 Kf6 52. Kxc3 Kf5 53.
Kd4 f6 54. Kd3 g5 55. Ke3 Ke5 56. g4 hxg4 57. h5 f5 58. fxg4 f4+ 59. Kd3 Kf6
60. Ke4 Kg7 61. Kd3 Kf6 62. Kd4 Kg7 63. Ke4 1/2-1/2

[Event "34th Chess Olympiad (women)"]
[Site "Istanbul"]
[Date "2000.11.06"]
[Round "9.8.1"]
[White "Maric, Alisa"]
[Black "Grosar, Kiti"]
[WhiteElo "2435"]
[BlackElo "2223"]
[WhiteCountry "YUG"]
[BlackCountry "SLO"]
[Result "1-0"]

1. Nf3 Nf6 2. c4 g6 3. g3 Bg7 4. Bg2 O-O 5. O-O d6 6. d4 Nc6 7. Nc3 a6 
8. b3 Rb8 9. Nd5 Nh5 10. Bb2 e6 11. Nc3 b5 12. d5 Na5 13. cxb5 axb5 14. e4 Bd7 
15. a3 exd5 16. exd5 Re8 17. Nd2 Qc8 18. b4 Nc4 19. Nxc4 bxc4 20. Qd2 Bh3 
21. Rfe1 Qg4 22. Bxh3 Qxh3 23. Rad1 Be5 24. Re4 Nf6 25. Rh4 Qf5 26. Rxc4 Ng4 
27. h3 Nf6 28. Kg2 h5 29. Qd3 Qxd3 30. Rxd3 Re7 31. Bc1 Bxc3 32. Rcxc3 Kg7 
33. Bg5 Rd7 34. Rc4 Rb5 35. Rcd4 Nh7 36. Bc1 Re7 37. a4 Rb8 38. Rc4 f5 
39. Rdc3 Kf7 40. Rxc7 Rxb4 41. Rxe7+ 
1-0

[Event "34th Chess Olympiad (women)"]
[Site "Istanbul"]
[Date "2000.11.06"]
[Round "9.8.2"]
[White "Licina, Anita"]
[Black "Bojkovic, Natasa"]
[WhiteElo "2200"]
[BlackElo "2429"]
[WhiteCountry "SLO"]
[BlackCountry "YUG"]
[Result "0-1"]

1. e4 c5 2. Nf3 d6 3. d4 cxd4 4. Nxd4 Nf6 5. Nc3 a6 6. Bg5 Nc6 7. Qd2 Qb6 
8. O-O-O Qxd4 9. Qxd4 Nxd4 10. Rxd4 e6 11. Bxf6 gxf6 12. Na4 Bd7 13. Nb6 Rd8 
14. g3 Bc6 15. Bg2 f5 16. Re1 Be7 17. f4 fxe4 18. Nc4 d5 19. Ne5 Bc5 
20. Nxc6 bxc6 21. Rdd1 f5 22. c3 Ke7 23. b4 Bb6 24. Bf1 a5 25. a3 h5 
26. c4 axb4 27. axb4 h4 28. c5 Bc7 29. b5 cxb5 30. Bxb5 Rb8 31. Bc6 Ba5 
32. Re2 Rhc8 33. Ra2 Bb4 34. Ra7+ Kf6 35. Rb7 Rxb7 36. Bxb7 Rxc5+ 37. Kb2 hxg3 
38. hxg3 Bc3+ 39. Kb3 Rb5+ 40. Kxc3 Rxb7 41. Kd4 Rb3 42. Rg1 Rd3+ 43. Kc5 e3 
44. Re1 d4 45. Re2 Rd2 46. Re1 e2 
0-1

[Event "34th Chess Olympiad (women)"]
[Site "Istanbul"]
[Date "2000.11.06"]
[Round "9.8.3"]
[White "Prudnikova, Svetlana"]
[Black "Mihevc Mohr, Narcisa"]
[WhiteElo "2425"]
[BlackElo "2170"]
[WhiteCountry "YUG"]
[BlackCountry "SLO"]
[Result "1-0"]

1. d4 Nf6 2. g3 g6 3. Bg2 d5 4. Nf3 Bg7 5. O-O O-O 6. c4 c6 7. Qb3 dxc4 
8. Qxc4 Ne4 9. Nc3 Nd6 10. Qd3 Be6 11. Rd1 f6 12. e4 Na6 13. b3 Qa5 
14. Bb2 Rad8 15. h3 Bf7 16. Qe2 Nc7 17. Rac1 Ndb5 18. Na4 Nd6 19. Nc5 b6 
20. Na4 Be8 21. Bf1 Qh5 22. g4 Qh6 23. d5 c5 24. Nc3 Nf7 25. Rc2 Qf4 
26. Bg2 Qd6 27. Nd2 b5 28. Nf3 a6 29. Bc1 Kh8 30. Be3 Bh6 31. Nb1 Bxe3 
32. Qxe3 c4 33. bxc4 bxc4 34. Rxc4 Bb5 35. Rcc1 Na8 36. Nc3 Bd7 37. Ne2 Rb8 
38. Ned4 Rb2 39. Rd2 Rfb8 40. Nb3 Rxd2 41. Nbxd2 Nb6 42. Bf1 a5 43. Qc5 Rc8 
44. Qxd6 Nxd6 45. Rxc8+ Ndxc8 46. Nd4 f5 47. f3 fxe4 48. fxe4 Kg7 49. Kf2 Kf6 
50. Ke3 a4 51. a3 Nd6 52. N4f3 Ndc8 53. g5+ Kg7 54. Kd4 e6 55. Ne5 exd5 
56. Nxd7 Nxd7 57. Kxd5 h6 58. h4 hxg5 59. hxg5 Kf7 60. Bb5 Nf8 61. Nf3 Ne6 
62. Ne5+ Ke7 63. Nxg6+ Kf7 64. Ne5+ Ke7 65. Nc6+ Kf7 66. g6+ 
1-0

[Event "34th Chess Olympiad (women)"]
[Site "Istanbul"]
[Date "2000.11.06"]
[Round "9.9.1"]
[White "Vijayalakshmi, Subbaraman"]
[Black "Kachiani-Gersinska, Ketino"]
[WhiteElo "2378"]
[BlackElo "2448"]
[WhiteCountry "IND"]
[BlackCountry "GER"]
[Result "1/2-1/2"]

1. Nf3 Nf6 2. g3 d5 3. Bg2 g6 4. O-O Bg7 5. d4 c6 6. c4 Ne4 7. Nc3 Nxc3 
8. bxc3 dxc4 9. Ne5 Qa5 10. Qc2 Be6 11. Qb2 Qb6 12. Qc2 Qa5 13. Qb2 Qb6 14. Qc2 
1/2-1/2

[Event "34th Chess Olympiad (women)"]
[Site "Istanbul"]
[Date "2000.11.06"]
[Round "9.9.2"]
[White "Paehtz, Elisabeth"]
[Black "Meenakshi, S"]
[WhiteElo "2343"]
[BlackElo "2226"]
[WhiteCountry "GER"]
[BlackCountry "IND"]
[Result "1/2-1/2"]

1. d4 d5 2. Nf3 Nf6 3. e3 c6 4. Bd3 Bg4 5. Nbd2 e6 6. c4 Nbd7 7. Qc2 Bd6 
8. O-O Bh5 9. Re1 O-O 10. Qc3 Qe7 11. Ne5 Ng4 12. Nxg4 Bxg4 13. Qb3 Nf6 
14. e4 dxe4 15. Nxe4 Nxe4 16. Bxe4 Bb4 17. Rf1 Be2 18. Bxh7+ Kxh7 19. Qc2+ g6 
20. Qxe2 Kg7 21. Bf4 Bd6 22. Be5+ Bxe5 23. Qxe5+ Qf6 24. Rad1 Rh8 25. Qc7 Rab8 
26. Rfe1 b5 27. c5 Rbc8 28. Qb7 Qf4 29. h3 Rc7 30. Qa6 Rd8 31. a4 Rb8 
32. axb5 Rxb5 33. Re2 Qf5 34. Qa3 Rcb7 35. Qc3 
1/2-1/2

[Event "34th Chess Olympiad (women)"]
[Site "Istanbul"]
[Date "2000.11.06"]
[Round "9.10.2"]
[White "Borsuk, Angela"]
[Black "Ionescu-Brandis, Irina"]
[WhiteElo "2303"]
[BlackElo "2304"]
[WhiteCountry "ISR"]
[BlackCountry "ROM"]
[Result "0-1"]

1. Nf3 d5 2. g3 c6 3. Bg2 Bg4 4. c4 Nf6 5. Ne5 Be6 6. cxd5 Bxd5 7. Nf3 Nbd7 
8. Nc3 Bxf3 9. Bxf3 e5 10. d3 Bd6 11. a3 a5 12. Bd2 Qe7 13. Bg2 O-O 14. O-O Nc5 
15. Rb1 a4 16. Be3 Nfd7 17. d4 exd4 18. Qxd4 Nb3 19. Qe4 Ndc5 20. Qe5 Qe6 
21. Qxe6 Be7 22. Rfd1 g6 23. Bh3 Nd2 24. g4 Nxb1 25. Rd4 g5 26. Bg2 Rfd8 
27. Rd1 Bf6 28. Qxf7+ Kxf7 29. Rxd8 Bxd8 30. Kf1 Ke6 31. Be4 Nxa3 32. bxa3 Nd7 
33. Bxh7 Kd6 34. Bc2 Ne5 35. Bxa4 Nxg4 36. Bb3 Ne5 37. Bc4 b5 
0-1

[Event "34th Chess Olympiad (women)"]
[Site "Istanbul"]
[Date "2000.11.06"]
[Round "9.10.3"]
[White "Sasu-Ducsoara, Andreea"]
[Black "Tsifanskaya, Ludmila A"]
[WhiteElo "2229"]
[BlackElo "2220"]
[WhiteCountry "ROM"]
[BlackCountry "ISR"]
[Result "1-0"]

1. e4 c5 2. Nf3 Nc6 3. d4 cxd4 4. Nxd4 Qb6 5. Nb3 Nf6 6. Nc3 e6 7. Bd3 Qc7 
8. f4 d6 9. Qf3 a6 10. Be3 Be7 11. g4 b5 12. g5 Nd7 13. h4 Nb6 14. h5 Nc4 
15. O-O-O Nxe3 16. Qxe3 Nb4 17. g6 Nxd3+ 18. Qxd3 fxg6 19. hxg6 h6 20. Rhf1 Bd7 
21. e5 dxe5 22. fxe5 O-O-O 23. Qe2 Rhf8 24. Rxf8 Rxf8 25. Nd4 Kb8 26. Qe4 Bg5+ 
27. Kb1 Rf4 28. Qd3 Qxe5 29. Nf3 Qc7 30. Nxg5 hxg5 31. Qxd7 Qxd7 32. Rxd7 Rf1+ 
33. Rd1 Rf6 34. Ne4 Rxg6 35. Kc1 g4 36. Rd3 Kc7 37. Kd2 Rh6 38. Nf2 Rh2 39. Ke2 
1-0

[Event "34th Chess Olympiad (women)"]
[Site "Istanbul"]
[Date "2000.11.06"]
[Round "9.11.1"]
[White "Botsari, Anna-Maria"]
[Black "Eidelson, Rakhil"]
[WhiteElo "2325"]
[BlackElo "2360"]
[WhiteCountry "GRE"]
[BlackCountry "BLR"]
[Result "1-0"]

1. d4 Nf6 2. c4 c5 3. d5 b5 4. a4 b4 5. g3 d6 6. Bg2 g6 7. b3 Bg7 8. Ra2 Bb7 
9. e4 O-O 10. Nh3 e5 11. O-O Bc8 12. Re2 Nh5 13. Ree1 f5 14. exf5 Bxf5 
15. Be3 h6 16. g4 Bxb1 17. Qxb1 Nf4 18. Bxf4 exf4 19. Qxg6 Nd7 20. g5 Ne5 
21. Rxe5 dxe5 22. gxh6 Qf6 23. Qxg7+ Qxg7 24. hxg7 Rf6 25. Be4 f3 26. Re1 Kxg7 
27. Ng5 Kh6 28. Nxf3 Rg8+ 29. Kf1 Rgf8 30. Ke2 Re8 31. Rg1 Ref8 32. Ke3 Re8 
33. Rg4 a6 34. Rh4+ Kg7 35. Rh7+ Kg8 36. Rc7 
1-0

[Event "34th Chess Olympiad (women)"]
[Site "Istanbul"]
[Date "2000.11.06"]
[Round "9.11.2"]
[White "Lagvilava, Genrieta"]
[Black "Makropoulou, Marina"]
[WhiteElo "2318"]
[BlackElo "2284"]
[WhiteCountry "BLR"]
[BlackCountry "GRE"]
[Result "1-0"]

1. e4 e5 2. Nf3 Nc6 3. d4 exd4 4. Nxd4 Bc5 5. Nb3 Bb6 6. a4 a6 7. Nc3 d6 
8. Nd5 Ba7 9. Be2 Nce7 10. O-O c6 11. Nxe7 Nxe7 12. Bg5 h6 13. Bh4 O-O 
14. Bg4 Be6 15. e5 d5 16. Nd4 Bxg4 17. Qxg4 Bxd4 18. Bf6 g6 19. Qxd4 Qd7 
20. Ra3 Kh7 21. Rh3 Ng8 22. Qf4 Qf5 23. Qh4 Rfe8 24. f4 Qxc2 25. Bg5 Qc5+ 
26. Kh1 Qf8 27. f5 Rxe5 28. fxg6+ Kxg6 29. Qh5+ Kh7 30. Rxf7+ Kh8 31. Bf6+ 
1-0

[Event "34th Chess Olympiad (women)"]
[Site "Istanbul"]
[Date "2000.11.06"]
[Round "9.11.3"]
[White "Kouvatsou, Maria"]
[Black "Zagorskaya, Tatiana"]
[WhiteElo "2223"]
[BlackElo "2125"]
[WhiteCountry "GRE"]
[BlackCountry "BLR"]
[Result "1-0"]

1. e4 e5 2. Nf3 Nc6 3. Bc4 Bc5 4. c3 Nf6 5. b4 Bb6 6. d3 d6 7. a4 a6 8. Bb3 O-O 
9. Bg5 h6 10. Bh4 Qe7 11. Nbd2 Nd8 12. Nc4 Ba7 13. Ne3 c6 14. h3 g5 
15. Nxg5 hxg5 16. Bxg5 Kg7 17. Ng4 Bxg4 18. hxg4 Rh8 19. Rxh8 Kxh8 20. Qf3 Kg7 
21. Qh3 Kg8 22. Qh4 
1-0

[Event "34th Chess Olympiad (women)"]
[Site "Istanbul"]
[Date "2000.11.06"]
[Round "9.12.1"]
[White "Calzetta, Monica"]
[Black "Misanovic, Vesna"]
[WhiteElo "2282"]
[BlackElo "2384"]
[WhiteCountry "ESP"]
[BlackCountry "BIH"]
[Result "1-0"]

1. e4 e5 2. Nf3 Nc6 3. Bb5 a6 4. Ba4 d6 5. c3 f5 6. exf5 Bxf5 7. O-O Bd3 
8. Re1 Qf6 9. Qb3 O-O-O 10. Bxc6 bxc6 11. Na3 e4 12. Nd4 d5 13. Nac2 Bc5 
14. Nb4 Bc4 15. Qd1 Bxb4 16. Qg4+ Kb7 17. d3 h5 18. Qe6 Bxc3 19. bxc3 Bxd3 
20. Bg5 Qxe6 21. Nxe6 Rb8 22. Nc5+ Ka8 23. Nxd3 exd3 24. Rad1 Nh6 25. Rxd3 Nf5 
26. Kf1 Rhe8 27. Rxe8 Rxe8 28. h3 h4 29. Rf3 g6 30. Rf4 Rh8 31. Bf6 Rh7 
32. Rg4 Rh6 33. Be5 Kb7 34. Bf4 Rh7 35. Rxg6 Rf7 36. Bg5 c5 37. Ke2 d4 
38. Kd3 c6 39. Rf6 Rxf6 40. Bxf6 dxc3 41. Kxc3 Kb6 42. Be5 Kb5 43. g4 hxg3 
44. fxg3 c4 45. g4 Ne7 46. h4 Nd5+ 47. Kb2 Kb4 48. h5 c3+ 49. Bxc3+ 
1-0

[Event "34th Chess Olympiad (women)"]
[Site "Istanbul"]
[Date "2000.11.06"]
[Round "9.12.2"]
[White "Titova-Boric, Elena"]
[Black "Hernandez, Yudania"]
[WhiteElo "2207"]
[BlackElo "2322"]
[WhiteCountry "BIH"]
[BlackCountry "ESP"]
[Result "1/2-1/2"]

1. e4 e5 2. Nf3 Nf6 3. d3 Nc6 4. g3 d6 5. Bg2 Be6 6. O-O h6 7. c3 Qd7 8. d4 Bg4 
9. d5 Ne7 10. Qd3 Ng6 11. Ne1 Qc8 12. f3 Bd7 13. Be3 Be7 14. Nd2 O-O 15. c4 c6 
16. dxc6 bxc6 17. Nc2 Rd8 18. Rfc1 Qb7 19. b4 d5 20. c5 Be6 21. Qa3 Rd7 
22. Nb3 dxe4 23. Na5 Qc7 24. fxe4 Ng4 25. Rd1 Rad8 26. Rxd7 Qxd7 27. Bf3 Nxe3 
28. Qxe3 Bg5 29. Qe2 Ne7 30. a3 Kf8 31. h4 Bf6 32. Qa6 g5 33. Rd1 Qxd1+ 
34. Bxd1 Rxd1+ 35. Kf2 Rd2+ 36. Ke1 Rxc2 37. hxg5 Bxg5 38. Qxa7 Kg7 39. Qc7 Ng6 
40. Nxc6 Bg4 41. Nxe5 Rc1+ 42. Kf2 Rc2+ 43. Kf1 Rc1+ 44. Kg2 Rc2+ 
1/2-1/2